000 00559nam a2200193 i 4500
001 73784
003 ES-MaACL
005 20260525062928.0
007 t|
008 040913s1962 sp ||||1| spa d
100 1 _aGómez de la Serna, Ramón,
_d1888-1963
_957901
245 1 3 _aEl hombre perdido /
_cRamón Gómez de la Serna.
260 _aMadrid :
_bEspasa-Calpe,
_c[1962]
300 _a221 p. ;
_c18 cm.
490 1 _aColección austral ;
_v1330
830 0 _aColección austral
_v1330
_9177655
852 _aES-MaACL
_jC-21727
_bR.50338
999 _c73784
_d73784